An exegetical study of Romans 8: (Record no. 34176)
[ view plain ]
| 000 -LEADER | |
|---|---|
| fixed length control field | 00687nam a2200169 4500 |
| 008 - FIXED-LENGTH DATA ELEMENTS--GENERAL INFORMATION | |
| fixed length control field | 100423s2005 ph 000 0 eng |
| 090 ## - LOCALLY ASSIGNED LC-TYPE CALL NUMBER (OCLC); LOCAL CALL NUMBER (OCLC) | |
| Classification number (OCLC) (R) ; Classification number, CALL (RLIN) (NR) | BS2665.2 |
| Local cutter number (OCLC) ; Book number/undivided call number, CALL (RLIN) | On3 |
| 100 1# - MAIN ENTRY--PERSONAL NAME | |
| Personal name | Ong, William Jonathan C. |
| 245 10 - TITLE STATEMENT | |
| Title | An exegetical study of Romans 8: |
| Remainder of title | 28-30 / |
| Statement of responsibility, etc | by William Jonathan C. Ong |
| 260 ## - PUBLICATION, DISTRIBUTION, ETC. (IMPRINT) | |
| Place of publication, distribution, etc | Valenzuela City : |
| Name of publisher, distributor, etc | BSOP, |
| Date of publication, distribution, etc | 2005 |
| 300 ## - PHYSICAL DESCRIPTION | |
| Extent | 23 p. ; |
| Dimensions | 28 cm. |
| 500 ## - GENERAL NOTE | |
| General note | Paper (M. Div. Biblical Studies)--Biblical Seminary of the Philippines, January, 2005. |
| 504 ## - BIBLIOGRAPHY, ETC. NOTE | |
| Bibliography, etc | Includes bibliographical references |
| 630 04 - SUBJECT ADDED ENTRY--UNIFORM TITLE | |
| Uniform title | Bible. N.T. Romans VIII:28-30 |
| General subdivision | Criticism, interpretation, etc. |
| 951 ## - EQUIVALENCE OR CROSS-REFERENCE-GEOGRAPHIC NAME/AREA NAME [OBSOLETE] [CAN/MARC only] | |
| General subdivision | 00038824 |
| 951 ## - EQUIVALENCE OR CROSS-REFERENCE-GEOGRAPHIC NAME/AREA NAME [OBSOLETE] [CAN/MARC only] | |
| -- | 33676 |
| -- | ThesisBS2665.2/On3 |
| -- | 100423124324000 |
| -- | 2000-12-21 |
| -- | THE |
| Withdrawn status | Lost status | Damaged status | Not for loan | Home library | Current library | Shelving location | Date acquired | Accession number | Shelving control number | Total Checkouts | Full call number | Barcode | Date last seen | Price effective from | Koha item type |
|---|---|---|---|---|---|---|---|---|---|---|---|---|---|---|---|
| BSOP Library | BSOP Library | Thesis | 12/21/2000 | 33676 | 127 | ThesisBS2665.2/On3 | 00038824 | 02/23/2013 | 02/23/2013 | Books |
